Aktorzy według roli tytułowej - Statystyki

Ogólne statystyki
  • Ten quiz został rozwiązany 55 razy
  • Średni wynik to 7 z 20
Statystyki odpowiedzi
Film Rok Aktor % Poprawnych
Oppenheimer 2023 Cillian Murphy
81%
Napoleon 2023 Joaquin Phoenix
62%
Lincoln 2012 Daniel Day-Lewis
53%
Erin Brockovich 2000 Julia Roberts
49%
Ja, Tonya 2017 Margot Robbie
45%
Lista Schindlera 1993 Liam Neeson
43%
Frida 2002 Salma Hayek
40%
Donnie Brasco 1997 Johnny Depp
38%
Ray 2004 Jamie Foxx
36%
Chaplin 1992 Robert Downey Jr.
32%
Obywatel Milk 2008 Sean Penn
32%
Spartakus 1960 Kirk Douglas
30%
Ali 2001 Will Smith
30%
Malcolm X 1992 Denzel Washington
28%
Gandhi 1982 Ben Kingsley
23%
Królowa 2006 Helen Mirren
23%
Capote 2005 Philip Seymour Hoffman
23%
Lawrence z Arabii 1962 Peter O'Toole
19%
Nixon 1995 Anthony Hopkins
17%
Patton 1970 George C. Scott
9%
Nie znaleziono quizów pasujących do podanych kryteriów
Rozkład punktacji
Procent ludzi z każdym wynikiem
Percentyl według liczby udzielonych odpowiedzi
Twoja historia wyników
Nie rozwiązałeś tego quizu